Harley-Davidson

Bibliographic Details
Main Author: Glastonbury, Jim
Format: Book
Published: New York : Regency House Publishing Limited , 2000
Subjects:

MARC

LEADER 00000cam a2200000 7i4500
001 0000059118
005 20020729.0
020 |a 051716051X 
090 0 0 |a 629.2275   |b GLA 
100 1 |a Glastonbury, Jim 
245 1 0 |a Harley-Davidson   |c Jim Glastonbury 
260 |a New York :   |b Regency House Publishing Limited ,   |c 2000 
300 |a 128p. ;   |c 23cm. 
650 0 0 |a Harley-Davidson motorcycles   |x History 
999 |a 00139996   |b BUKU   |c PINJAMAN   |e PERPUSTAKAAN KOMUNITI PETALING JAYA